| 000 | 01665nam a22003857a 4500 | ||
|---|---|---|---|
| 001 | 0066040 | ||
| 003 | KOHA_MİRAKIL | ||
| 005 | 20260207004625.0 | ||
| 007 | ta | ||
| 008 | 210322b2002 tu a|||gr||||#0|||1|tur | | ||
| 040 |
_aTR-BiSEU _btur _cTR-BiSEU _erda |
||
| 041 | 0 | _atur | |
| 044 | _ctu | ||
| 050 |
_aPL127.3 _b.O86 2002 |
||
| 240 | 1 | 0 |
_aOttoman manual: Ottoman text in transcription and facsimiles _lTürkçe |
| 245 | 0 |
_aOsmanlıca el kitabı : _bOsmanlıca metinlerin çevriyazısı ve tıpkıbasımlar = _bOttoman manual: Ottoman text in transcription and facsimiles/ _chazırlayan Şinasi Tekin; yayınlayan Şinasi Tekin, Gönül Alpay Tekin. |
|
| 264 | 1 |
_aCambridge, MA : _bHarvard Üniversitesi Yakındoğu Dilleri ve Medeniyetleri Bölümü _c2002 |
|
| 300 |
_a2 cilt : _btıpkıbasım ; _c28 cm. |
||
| 336 |
_ametin _btxt _2rdacontent |
||
| 337 |
_aaracısız _bn _2rdamedia |
||
| 338 |
_acilt _bnc _2rdacarrier |
||
| 490 | 1 |
_aDoğu dilleri ve edebiyatlarının kaynakları ; _v52-53. |
|
| 490 | 1 |
_a Türkçe kaynaklar ; _v45-46 = _a Sources of Oriental languages and literatures ; _v52-53. |
|
| 490 | 1 |
_a Turkish sources ; _v45-46 |
|
| 500 | _aKaynakça var. | ||
| 650 | 0 |
_aTürk dili--Dilbilgisi. _91899 |
|
| 650 | 0 |
_aOsmanlıca. _952650 |
|
| 650 | 0 |
_aTurkish language--Texts. _996941 |
|
| 650 | 0 |
_aTurkish language--Textbooks for foreign speakers. _988405 |
|
| 830 | 1 |
_aDoğu dilleri ve edebiyatlarının kaynakları ; _v52-53. _985097 |
|
| 830 | 1 |
_a Türkçe kaynaklar ; _v45-46 = _a Sources of Oriental languages and literatures ; _v52-53. _9124189 |
|
| 830 | 1 |
_a Turkish sources ; _v45-46 _9124190 |
|
| 907 | _aEdebiyat | ||
| 942 |
_2lcc _cBK |
||
| 999 |
_c66423 _d66423 |
||